000
00232nam a2200109Ia 4500
100
_a
Monday/ c.
942
_c
BK
245
_a
Milling
260
_b
MAchinerys Standard Reference Series
_c
2001
082
_a
621.91
546
_a
ENGLISH
999
_c
30642
_d
30642